Statistics for Ricky Martin - songs by albums

Click here to take the quiz!

General Stats

  • This quiz has been taken 16 times
  • The average score is 33 of 119

Answer Stats

HintAnswer% Correct
Ricky Martin (1999)Livin' la Vida Loca
91%
Sound Loaded (2000)She Bangs
82%
Vuelve
73%
María
64%
La Bomba
55%
Loaded
55%
Shake Your Bon-Bon
55%
A Medio Vivir
45%
Ricky Martin (1991)Fuego Contra Fuego
45%
Almas del Silencio (2003)Jaleo
45%
La Copa de la Vida
45%
La Mordidita
45%
Life
45%
Nobody Wants to Be Lonely
45%
A Quien Quiera Escuchar (2015)Adiós
36%
Amor
36%
Disparo al Corazón
36%
Drop It on Me
36%
I Don't Care
36%
It's Alright
36%
Jezabel
36%
Lo mejor de mi vida eres tú
36%
Música + Alma + Sexo (2011)Más
36%
Me Amarás
36%
One Night Man
36%
Private Emotion
36%
Spanish Eyes
36%
Te Extraño, Te Olvido, Te Amo
36%
The Best Thing About Me Is You
36%
The Cup of Life
36%
A Quien Quiera Escuchar
27%
Asi Es la Vida
27%
Asignatura Pendiente
27%
Be Careful (Cuidado Con Mi Corazón)
27%
Bella
27%
Besos de Fuego
27%
Cómo Decirte Adiós
27%
Corazón
27%
Corazonado
27%
Dame Más (Loaded)
27%
Dónde Estarás
27%
El Amor de Mi Vida
27%
A Medio Vivir (1995)Fuego de Noche, Nieve de Día
27%
Gracias por Pensar en Mi
27%
If You Ever Saw Her
27%
Jamás
27%
Juramento
27%
Lola, Lola
27%
Love You for a Day
27%
Nada
27%
Nada es Imposible
27%
No Importa la Distancia
27%
Perdóname
27%
Vuelve (1998)Por Arriba, Por Abajo
27%
Que Dia Es Hoy
27%
Qué Más Da
27%
Revolución
27%
She's All I Ever Had
27%
Somos la Semilla
27%
Tal Vez
27%
The Touch
27%
Volverás
27%
Y Todo Queda en Nada
27%
Are You in It for Love
18%
Ayúdame
18%
Basta ya
18%
Bombón de Azúcar
18%
Cambia la Piel
18%
Cántame tu vida
18%
Casi un Bolero
18%
Come to Me
18%
Conmigo Nadie Puede
18%
Corazón Entre Nubes
18%
Déjate Llevar
18%
Dime Que Me Quieres
18%
Ella Es
18%
Entre el Amor y los Halagos
18%
Eres Como el Aire
18%
Es Mejor Decirse Adiós
18%
Frío
18%
Hagamos el Amor
18%
Hooray! Hooray! It's a Holi-Holiday
18%
I Am
18%
I Am Made of You
18%
I Count the Minutes
18%
Isla Bella
18%
I Won't Desert You
18%
Juego de Ajedrez
18%
Las Almas del Silencio
18%
Lo Que Nos Pase, Pasará
18%
Marcia Baila
18%
Nadie Más Que Tú
18%
Náufrago
18%
Me Amarás (1993)No Me Pidas Más
18%
No te miento
18%
Perdido Sin Ti
18%
Popotitos
18%
Saint Tropez
18%
Save the Dance
18%
Será será
18%
Ser Feliz
18%
Shine
18%
Si Tú Te Vas
18%
Si Ya No Estás Aquí
18%
Stop Time Tonight
18%
Susana
18%
Te busco y te alcanzo
18%
Te vas
18%
Te Voy a Conquistar
18%
This Is Good
18%
Life (2005)Til I Get to You
18%
Tú y yo
18%
Ven a Mí (Come to Me)
18%
Vuelo
18%
You Stay with Me
18%
Cuanto Me Acuerdo de Ti
9%
Mátame Otra Vez
9%
Raza de Mil Colores
9%

Score Distribution

Percentile by Number Answered

Percent of People with Each Score

Your Score History

You have not taken this quiz